| 000 -LEADER |
| fixed length control field |
01219cam a22003377 4500 |
| 001 - CONTROL NUMBER |
| control field |
8274640 |
| 003 - CONTROL NUMBER IDENTIFIER |
| control field |
LIBRIS |
| 005 - DATE AND TIME OF LATEST TRANSACTION |
| control field |
20210416053546.0 |
| 008 - FIXED-LENGTH DATA ELEMENTS--GENERAL INFORMATION |
| fixed length control field |
020113s1976 xxk 000 0 eng c |
| 020 ## - INTERNATIONAL STANDARD BOOK NUMBER |
| International Standard Book Number |
0114500339 |
| 040 ## - CATALOGING SOURCE |
| Original cataloging agency |
eng |
| Transcribing agency |
DLC |
| 041 ## - LANGUAGE CODE |
| Language code of text/sound track or separate title |
eng |
| 080 ## - UNIVERSAL DECIMAL CLASSIFICATION NUMBER |
| Universal Decimal Classification number |
616.8 |
| Item number |
A-28 |
| 084 ## - OTHER CLASSIFICATION NUMBER |
| Classification number |
Vma |
| Number source |
kssb/6 |
| 110 2# - MAIN ENTRY--CORPORATE NAME |
| Corporate name or jurisdiction name as entry element |
Medical Research Council (London) |
| 245 00 - TITLE STATEMENT |
| Title |
Aids to the examination of the peripheral nervous system / |
| Statement of responsibility, etc. |
Medical Research Council |
| 260 ## - PUBLICATION, DISTRIBUTION, ETC. |
| Place of publication, distribution, etc. |
London : |
| Name of publisher, distributor, etc. |
H.M. Stationary Office, |
| Date of publication, distribution, etc. |
1976 |
| 300 ## - PHYSICAL DESCRIPTION |
| Extent |
62 p. |
| Other physical details |
ill. |
| 440 #0 - SERIES STATEMENT/ADDED ENTRY--TITLE |
| Title |
Memorandum / Medical research council, |
| International Standard Serial Number |
0369-1675 ; |
| Volume/sequential designation |
45 |
| 500 ## - GENERAL NOTE |
| General note |
Superseding War Memorandum No. 7 |
| 650 #2 - SUBJECT ADDED ENTRY--TOPICAL TERM |
| Topical term or geographic name entry element |
Peripheral nerve diseases: diagnosis |
| 650 #0 - SUBJECT ADDED ENTRY--TOPICAL TERM |
| Topical term or geographic name entry element |
Neurology |
| 9 (RLIN) |
100 |
| 650 #2 - SUBJECT ADDED ENTRY--TOPICAL TERM |
| Topical term or geographic name entry element |
Peripheral nerves |
| 653 ## - INDEX TERM--UNCONTROLLED |
| Uncontrolled term |
ნევროლოგია |
| 653 ## - INDEX TERM--UNCONTROLLED |
| Uncontrolled term |
პერიფერიული ნერვული სისტემა |
| 653 ## - INDEX TERM--UNCONTROLLED |
| Uncontrolled term |
პერიფერიული ნერვული სისტემის დაავადებები |
| 942 ## - ADDED ENTRY ELEMENTS (KOHA) |
| Source of classification or shelving scheme |
|
| Koha item type |
Books |